[Event "Seattle Summer Classic 2019"]
[Site "Seattle Chess Club"]
[Date "2019.08.15"]
[Round "3"]
[White "Chen, Adian"]
[Black "Whale, Nicholas"]
[Result "1/2-1/2"]
[WhiteElo "1802"]
[BlackElo "1981"]
[PlyCount "91"]
[EventDate "2019.??.??"]

1. e4 c5 2. Nf3 Nc6 3. c3 Nf6 4. e5 Nd5 5. d4 cxd4 6. cxd4 d6 7. Bc4 Nb6 8. Bb3
dxe5 9. Nxe5 Nxe5 10. dxe5 Qxd1+ 11. Bxd1 Bd7 12. O-O Bc6 13. e6 fxe6 14. Bg4
Kf7 15. Re1 Bd7 16. Nc3 Rc8 17. Be3 Rc4 18. Bh3 g6 19. Bxb6 axb6 20. Rad1 Bc8
21. Nb5 e5 22. Bxc8 Rxc8 23. Rxe5 Rc2 24. h4 Bg7 25. Re4 Rxb2 26. a4 Rc8 27.
Rd7 Rc1+ 28. Kh2 Bf6 29. Nd6+ Kf8 30. Rd8+ Kg7 31. Ne8+ Kh6 32. Nxf6 exf6 33.
Rd7 Rxf2 34. Ree7 g5 35. Rxh7+ Kg6 36. h5+ Kf5 37. Rc7 Ra1 38. Rc3 Raa2 39. Rg3
g4 40. Rg7 Rxa4 41. h6 Ra8 42. R7xg4 Rh8 43. Rh4 Rd2 44. Rh5+ Ke6 45. Rg7 Rd7
46. Rxd7 1/2-1/2

[Event "Seattle Summer Classic 2019"]
[Site "Seattle Chess Club"]
[Date "2019.08.16"]
[Round "4"]
[White "Mahajan, Rushaan"]
[Black "Whale, Nicholas"]
[Result "1-0"]
[WhiteElo "2015"]
[BlackElo "1981"]
[PlyCount "53"]
[EventDate "2019.??.??"]

1. d4 Nf6 2. Nf3 g6 3. c4 Bg7 4. Nc3 O-O 5. Bg5 d6 6. e3 c6 7. Be2 Qb6 8. a3 h6
9. Bxf6 Bxf6 10. O-O Bg4 11. b4 a5 12. Qb3 axb4 13. axb4 Na6 14. Rab1 Nc7 15.
h3 Bxf3 16. Bxf3 Ra7 17. b5 cxb5 18. Nxb5 Nxb5 19. Qxb5 Qc7 20. Rfc1 Rfa8 21.
c5 dxc5 22. Rxc5 Qd6 23. g3 Ra2 24. Qxb7 R8a7 25. Qc8+ Kg7 26. Rb8 Ra1+ 27. Kg2
1-0

[Event "Seattle Summer Classic 2019"]
[Site "Seattle Chess Club"]
[Date "2019.08.16"]
[Round "5"]
[White "Whale, Nicholas"]
[Black "Anthony, Ralph"]
[Result "1-0"]
[WhiteElo "1981"]
[BlackElo "1587"]
[PlyCount "81"]
[EventDate "2019.??.??"]

1. Nf3 d5 2. d4 Nf6 3. g3 e6 4. Bg2 Nbd7 5. O-O Bd6 6. c4 b6 7. Nc3 c6 8. Qc2
O-O 9. e4 Nxe4 10. Nxe4 dxe4 11. Ng5 Nf6 12. Nxe4 Bb7 13. Nxd6 Qxd6 14. Bf4 Qe7
15. c5 Rfd8 16. Bd6 Qd7 17. Rad1 Ne8 18. Be5 f6 19. Bf4 g5 20. Bc1 Nc7 21. f4
g4 22. f5 Nd5 23. fxe6 Qxe6 24. Rde1 Qd7 25. Be4 Ba6 26. Rf5 Nb4 27. Qb3+ Nd5
28. Rh5 Re8 29. Bd2 Re7 30. Bxd5+ cxd5 31. Rxe7 Qxe7 32. Qxd5+ Kg7 33. Qxa8 Bb7
34. Qb8 bxc5 35. Qf4 Qe4 36. Qxe4 Bxe4 37. Rxc5 a6 38. d5 Kf7 39. Rc7+ Ke8 40.
d6 Kd8 41. Ba5 1-0

[Event "Seattle Summer Classic 2019"]
[Site "Seattle Chess Club"]
[Date "2019.08.17"]
[Round "6"]
[White "Whale, Nicholas"]
[Black "Pupols, Viktors"]
[Result "1-0"]
[WhiteElo "1981"]
[BlackElo "2200"]
[PlyCount "103"]
[EventDate "2019.??.??"]

1. e4 c6 2. d4 d5 3. exd5 cxd5 4. c4 Nf6 5. Nc3 Nc6 6. Nf3 Bf5 7. cxd5 Nxd5 8.
Qb3 Ndb4 9. Bc4 e6 10. Bg5 Qc8 11. Rc1 Nd3+ 12. Bxd3 Bxd3 13. d5 Nb4 14. Qa4+
Qd7 15. Qxd7+ Kxd7 16. a3 Nxd5 17. Ne5+ Ke8 18. Nxd5 exd5 19. Nxd3 Bd6 20. O-O
f6 21. Bf4 Kd7 22. Nc5+ Bxc5 23. Rxc5 Rac8 24. Rfc1 Rc6 25. Rxd5+ Ke6 26. Rxc6+
bxc6 27. Rd6+ Kf5 28. Be3 Ke5 29. Rxc6 Rd8 30. g3 Rd7 31. Ra6 g5 32. Rxa7 Rd1+
33. Kg2 h5 34. Ra5+ Ke4 35. Bxg5 fxg5 36. Rxg5 Rd2 37. Rxh5 Rxb2 38. a4 Ra2 39.
Ra5 Kd3 40. Ra8 Kd2 41. a5 Ke1 42. a6 Rxf2+ 43. Kh3 Rf7 44. a7 Kf2 45. Kg4 Kg2
46. Kg5 Rb7 47. g4 Rb5+ 48. Kh6 Rb6+ 49. Kh5 Rb7 50. g5 Rh7+ 51. Kg6 Rb7 52.
Kh6 1-0

[Event "Seattle Summer Classic 2019"]
[Site "Seattle Chess Club"]
[Date "2019.08.17"]
[Round "7"]
[White "Truelson, Joseph"]
[Black "Whale, Nicholas"]
[Result "1-0"]
[WhiteElo "2246"]
[BlackElo "1981"]
[PlyCount "59"]
[EventDate "2019.??.??"]

1. e4 c5 2. Nc3 Nc6 3. Bb5 Nd4 4. Bc4 d6 5. Nge2 Nf6 6. d3 e5 7. O-O Be7 8. f4
a6 9. Nxd4 cxd4 10. Nd5 O-O 11. fxe5 dxe5 12. Nxe7+ Qxe7 13. Bg5 Be6 14. Qe1
Bxc4 15. Qh4 h6 16. Bxf6 gxf6 17. dxc4 Kg7 18. Rf3 Rh8 19. Raf1 Rh7 20. Rxf6
Kh8 21. Qh5 Rg8 22. Rxf7 Qg5 23. Rxh7+ Kxh7 24. Rf7+ Kh8 25. Qxg5 Rxg5 26. Rxb7
Rg4 27. c5 Rxe4 28. c6 Re2 29. c7 Rxc2 30. Rb8+ 1-0

[Event "Seattle Summer Classic 2019"]
[Site "Seattle Chess Club"]
[Date "2019.08.18"]
[Round "8"]
[White "Whale, Nicholas"]
[Black "Frantz, Joseph"]
[Result "0-1"]
[WhiteElo "1981"]
[BlackElo "2040"]
[PlyCount "114"]
[EventDate "2019.??.??"]

1. Nf3 d6 2. e4 g6 3. d4 Bg7 4. Nc3 Nf6 5. h3 O-O 6. Be3 c6 7. a4 e5 8. dxe5
dxe5 9. Bc4 Qe7 10. O-O Be6 11. Qe2 Nh5 12. Bg5 Bf6 13. Bxf6 Qxf6 14. Bxe6 Qxe6
15. Qe3 Nd7 16. Rad1 Ndf6 17. Qc5 Rfe8 18. Ng5 Qe7 19. Qd6 Kf8 20. g4 Nf4 21.
Qxf6 Qxf6 22. Nxh7+ Kg7 23. Nxf6 Kxf6 24. Rfe1 Rh8 25. Ne2 Rxh3 26. Nxf4 exf4
27. e5+ Ke7 28. Kg2 Rah8 29. Rd3 Rh2+ 30. Kf1 R8h4 31. g5 f3 32. Rxf3 Rh1+ 33.
Ke2 Re4+ 34. Re3 Rxe1+ 35. Kxe1 Rxe3+ 36. fxe3 Ke6 37. Kd2 Kf5 38. Kd3 Kxg5 39.
Ke4 Kh4 40. Kf4 g5+ 41. Kf5 g4 42. Kf6 g3 43. Kxf7 g2 44. e6 g1=Q 45. e7 Qf2+
46. Kg7 Qg3+ 47. Kf8 Qf3+ 48. Kg7 Qh5 49. Kf8 Qf5+ 50. Kg7 Qe6 51. Kf8 Qf6+ 52.
Ke8 Kg5 53. Kd7 Qf7 54. Kd8 Qd5+ 55. Kc7 Qe6 56. Kd8 Qd6+ 57. Ke8 Kf6 0-1

[Event "Seattle Summer Classic 2019"]
[Site "Seattle Chess Club"]
[Date "2019.08.18"]
[Round "9"]
[White "Whale, Nicholas"]
[Black "Anand, Vignesh"]
[Result "1-0"]
[WhiteElo "1981"]
[BlackElo "2107"]
[PlyCount "75"]
[EventDate "2019.??.??"]

1. Nf3 Nf6 2. g3 g6 3. Bg2 Bg7 4. O-O O-O 5. c4 d6 6. Nc3 e5 7. d3 Nc6 8. Rb1
Nh5 9. b4 f5 10. Bg5 Qe8 11. Nd5 Qf7 12. b5 Nd8 13. Be7 Ne6 14. Bxf8 Bxf8 15.
e3 g5 16. Ne1 Bg7 17. Nc2 Nf6 18. f4 exf4 19. exf4 gxf4 20. Nxf4 Nxf4 21. Rxf4
Bh6 22. Rf1 Qg6 23. Qf3 f4 24. gxf4 Bg4 25. Qf2 Qxd3 26. Qd4 Qxd4+ 27. Nxd4 Nh5
28. Bxb7 Rf8 29. Bd5+ Kh8 30. Be6 Nxf4 31. Bxg4 Rg8 32. Kh1 Rxg4 33. Rg1 Rxg1+
34. Kxg1 Nd5 35. Nf5 Nc3 36. Rb3 Bd2 37. Ra3 Ne2+ 38. Kf1 1-0

[Event "Seattle Summer Classic 2019"]
[Site "?"]
[Date "2019.08.14"]
[Round "1"]
[White "Ralph, Anthony"]
[Black "Rushaan, Mahajan"]
[Result "0-1"]
[WhiteElo "1565"]
[BlackElo "2105"]
[PlyCount "44"]
[EventDate "2019.??.??"]

1. e4 c5 2. Nf3 Nc6 3. d4 cxd4 4. Nxd4 e5 5. Nb3 Nf6 6. Bg5 h6 7. Bxf6 Qxf6 8.
c4 Bb4+ 9. Nc3 d6 10. a3 Bxc3+ 11. bxc3 Qg6 12. f3 O-O 13. Kf2 f5 14. exf5 Bxf5
15. Nd2 e4 16. Kg1 e3 17. Nb3 Bc2 18. Qd5+ Kh8 19. Nd4 Nxd4 20. cxd4 Rae8 21.
Re1 Bd3 22. Qxb7 e2 0-1

[Event "Seattle Summer Classic 2019"]
[Site "?"]
[Date "2019.08.16"]
[Round "6"]
[White "Vignesh, Anand"]
[Black "Mary, Kuhner"]
[Result "1-0"]
[WhiteElo "2097"]
[BlackElo "1789"]
[PlyCount "51"]

1. c4 e6 2. Nc3 d5 3. d4 c6 4. e3 f5 5. Bd3 Nf6 6. Nh3 Bb4 7. f3 O-O 8. O-O
Bxc3 9. bxc3 Na6 10. Ba3 Re8 11. Nf2 Qa5 12. Qb3 dxc4 13. Bxc4 Nd5 14. e4 b5
15. Bd3 Nf4 16. exf5 Kh8 17. Rae1 Bd7 18. Bd6 Nd5 19. c4 Ndc7 20. cxb5 cxb5 21.
Be5 Nd5 22. Be4 Rac8 23. fxe6 Bxe6 24. Bxd5 Rc3 25. Bxe6 Rxb3 26. Bxb3 1-0

[Event "Seattle Summer Classic 2019"]
[Site "?"]
[Date "2019.08.17"]
[Round "7"]
[White "Joseph, Frantz"]
[Black "Ralph, Anthony"]
[Result "1-0"]
[WhiteElo "2047"]
[BlackElo "1565"]
[PlyCount "53"]

1. d4 Nf6 2. c4 c5 3. d5 e5 4. Nc3 d6 5. e4 Be7 6. Bd3 O-O 7. Nge2 Ne8 8. Be3
g6 9. Qc2 f5 10. exf5 gxf5 11. f3 Bg5 12. Qd2 f4 13. Bf2 Ng7 14. h4 Be7 15.
O-O-O Bf5 16. g4 fxg3 17. Nxg3 Bxd3 18. Qxd3 Nd7 19. Rdg1 Kh8 20. Nce4 Qe8 21.
Ng5 Qg6 22. N3e4 Qh5 23. Rg2 Rg8 24. Nxd6 Raf8 25. Qxh7+ Qxh7 26. Ndf7+ Rxf7
27. Nxf7# 1-0

[Event "Seattle Summer Classic 2019"]
[Site "?"]
[Date "2019.08.16"]
[Round "4"]
[White "Vignesh, Anand"]
[Black "Silas, Lianson"]
[Result "1-0"]
[WhiteElo "2097"]
[BlackElo "1761"]
[PlyCount "99"]
[EventDate "2019.??.??"]

1. d4 Nf6 2. Nf3 e6 3. Bf4 d5 4. e3 Nbd7 5. Bd3 b6 6. Nbd2 Bb7 7. c3 Nh5 8. O-O
Be7 9. Ne5 Nxe5 10. dxe5 Nxf4 11. exf4 Qd7 12. a4 g6 13. Re1 h5 14. Qe2 a5 15.
Rad1 Kf8 16. b3 Rd8 17. Nf3 c5 18. Qc2 Rh6 19. Ng5 h4 20. Nh3 Kg7 21. Qe2 Rg8
22. Qg4 Kf8 23. Re3 Qd8 24. Ng5 Qd7 25. Rh3 Rgh8 26. Rf3 d4 27. Be4 Bxe4 28.
Nxe4 Qc6 29. Ng5 Kg7 30. h3 dxc3 31. Rxc3 Rd8 32. Rxd8 Bxd8 33. Rd3 Be7 34. Rf3
Qd5 35. Re3 Rh8 36. Kh2 c4 37. bxc4 Qxc4 38. Re4 Qd5 39. Re1 Qc4 40. Re4 Qd5
41. Re1 Qd4 42. Rc1 Bc5 43. Rd1 Qxa4 44. f5 Qxg4 45. f6+ Kh6 46. Nxf7+ Kh7 47.
hxg4 Rf8 48. Ng5+ Kh6 49. Nxe6 Rc8 50. g5+ 1-0

[Event "Seattle Summer Classic 2019"]
[Site "?"]
[Date "2019.08.15"]
[Round "2"]
[White "Mahajan, Rushaan"]
[Black "Kuhner, Mary"]
[Result "1-0"]
[WhiteElo "2105"]
[BlackElo "1789"]
[PlyCount "57"]
[EventDate "2019.??.??"]

1. d4 e6 2. Nf3 f5 3. Nc3 Nf6 4. Bg5 d5 5. e3 c6 6. Ne5 Bd6 7. g4 Nbd7 8. f4
Qc7 9. gxf5 exf5 10. Bd3 Bxe5 11. fxe5 Ne4 12. Bxe4 dxe4 13. Qh5+ g6 14. Qh6
Nf8 15. O-O-O Be6 16. d5 Bxd5 17. Nxd5 cxd5 18. Rxd5 Ne6 19. Bf6 Rc8 20. c3 Rf8
21. Rhd1 Rxf6 22. exf6 Qf7 23. Rd7 Qxf6 24. Qxh7 Rxc3+ 25. Kb1 Rc8 26. Rxb7 Nf8
27. Qg8 Rd8 28. Rxd8+ Kxd8 29. Qd5+ 1-0

[Event "Seattle Summer Classic 2019"]
[Site "?"]
[Date "2019.08.15"]
[Round "3"]
[White "Frantz, Joseph"]
[Black "Mahajan, Rushaan"]
[Result "0-1"]
[WhiteElo "2047"]
[BlackElo "2105"]
[PlyCount "117"]
[EventDate "2019.??.??"]

1. d4 Nf6 2. c4 e6 3. Nf3 d5 4. Nc3 Bb4 5. g3 O-O 6. Bg2 dxc4 7. Ne5 Nd5 8. Bd2
Nb6 9. e3 Be7 10. Qe2 c5 11. dxc5 Bxc5 12. O-O Qc7 13. Nxc4 Bd7 14. Rac1 Bc6
15. Ne4 Nxc4 16. Qxc4 Be7 17. Rfd1 Nd7 18. Bc3 Rad8 19. Qe2 Nb6 20. Qg4 e5 21.
Qh5 f6 22. Ba5 Rxd1+ 23. Qxd1 Rd8 24. Qb3+ Kh8 25. h4 Qd7 26. Bxb6 Ba4 27. Bxd8
Bxb3 28. Bxe7 Bxa2 29. Nxf6 gxf6 30. Bxf6+ Kg8 31. Bxe5 b5 32. Bf3 Bc4 33. Rd1
Qf5 34. Bf4 Qc2 35. h5 Qxb2 36. Kg2 a5 37. Rd8+ Kf7 38. h6 a4 39. Rd7+ Kf6 40.
e4 Qb1 41. Rd1 Qc2 42. g4 Be2 43. e5+ Ke7 44. Bg5+ Ke6 45. Bd5+ Kxe5 46. f4+
Kd6 47. Bb3+ Qxd1 48. Bxd1 Bxd1 49. Kg3 b4 50. f5 a3 51. Bc1 Ke5 52. Kh4 Kd4
53. g5 Bc2 54. Kg4 Ke5 55. f6 Bg6 56. Kf3 Kd4 57. Kf4 Kc3 58. Ke5 Kc2 59. Be3
0-1

[Event "Seattle Summer Classic 2019"]
[Site "?"]
[Date "2019.08.18"]
[Round "9"]
[White "Vijayakumar, Advaith"]
[Black "Mahajan, Rushaan"]
[Result "1/2-1/2"]
[WhiteElo "1943"]
[BlackElo "2105"]
[PlyCount "96"]
[EventDate "2019.??.??"]
[SourceVersionDate "2019.09.09"]

1. d4 Nf6 2. c4 e6 3. Nf3 d5 4. Bg5 h6 5. Bh4 Bb4+ 6. Nbd2 dxc4 7. Qa4+ Nc6 8.
e3 O-O 9. Bxc4 g5 10. Bg3 g4 11. a3 Ba5 12. b4 gxf3 13. bxa5 Bd7 14. Nxf3 Nxd4
15. Qd1 Nf5 16. Be5 c5 17. O-O Ne4 18. Qc2 Ng5 19. Nxg5 Qxg5 20. Bc3 Bc6 21. e4
Nd4 22. Bxd4 cxd4 23. f4 Qg7 24. Bd3 Rad8 25. Rf3 Kh8 26. Rg3 Qf6 27. Rf1 Rg8
28. Qf2 Rxg3 29. Qxg3 Rg8 30. Qh3 a6 31. Rf3 Bb5 32. e5 Qg7 33. Rg3 Qf8 34.
Rxg8+ Kxg8 35. Qg4+ Kh8 36. Bxb5 axb5 37. f5 d3 38. fxe6 Qc5+ 39. Kf1 Qc1+ 40.
Kf2 Qd2+ 41. Kg3 Qe3+ 42. Kh4 Qg5+ 43. Qxg5 hxg5+ 44. Kg3 d2 45. e7 d1=Q 46.
e8=Q+ Kg7 47. Qxb5 Qd4 48. Qb4 Qxe5+ 1/2-1/2

[Event "Seattle Summer Classic 2019"]
[Site "?"]
[Date "2019.08.18"]
[Round "8"]
[White "Mahajan, Rushaan"]
[Black "Truelson, Joseph"]
[Result "1/2-1/2"]
[WhiteElo "2105"]
[BlackElo "2239"]
[PlyCount "35"]
[SourceVersionDate "2019.09.09"]

1. d4 d5 2. Bf4 c5 3. e3 Nc6 4. c3 Nf6 5. Nd2 Bf5 6. Qb3 Qc8 7. Ngf3 e6 8. Nh4
c4 9. Qa4 a6 10. Nxf5 exf5 11. Be2 Be7 12. O-O O-O 13. Qc2 h6 14. b3 b5 15.
bxc4 bxc4 16. Rab1 Rd8 17. Qa4 Na7 18. Qa5 1/2-1/2

[Event "Seattle Summer Classic 2019"]
[Site "?"]
[Date "2019.08.17"]
[Round "7"]
[White "Mahajan, Rushaan"]
[Black "Anand, Vignesh"]
[Result "1-0"]
[WhiteElo "2105"]
[BlackElo "2097"]
[PlyCount "81"]
[SourceVersionDate "2019.09.09"]

1. e4 c5 2. Nf3 d6 3. Bb5+ Nd7 4. c3 Ngf6 5. Qe2 a6 6. Ba4 Qa5 7. Bc2 g6 8. O-O
Bg7 9. d4 Nb8 10. Bg5 h6 11. Bxf6 Bxf6 12. e5 dxe5 13. dxe5 Bg7 14. e6 Bxe6 15.
Bxg6 O-O 16. Bc2 Nd7 17. Nbd2 Rfe8 18. Bb3 Bxb3 19. axb3 Qb5 20. Qe4 Nf6 21.
Qc2 Rad8 22. Nc4 Qc6 23. Rfe1 Nd7 24. Rad1 b5 25. Ne3 e6 26. Ng4 Nf6 27. Nfe5
Qc7 28. Qe2 Rxd1 29. Rxd1 Nxg4 30. Nxg4 Rd8 31. h3 Rd6 32. Qf3 Qd8 33. Nf6+ Kh8
34. Rxd6 Qxd6 35. Nh5 f5 36. Qa8+ Kh7 37. Qe8 Qd1+ 38. Kh2 Qd6+ 39. f4 Qf8 40.
Qxe6 a5 41. Qd7 1-0